000
00300nam a22001097a 4500
020
_a
0131362836
100
_a
FRED B.CHERNOW,CAROL CHERNOW
245
_a
CLASSROOM DISCIPLINE AND CONTROL:101 practical techniques
260
_a
NEW YORK
_b
PARKER PUBLISHING COMPANY
_c
1981
300
_a
204
942
_c
BK
999
_c
251048
_d
251048